<?xml version="1.0" encoding="UTF-8"?>
<record
    xmlns:xsi="http://www.w3.org/2001/XMLSchema-instance"
    xsi:schemaLocation="http://www.loc.gov/MARC21/slim http://www.loc.gov/standards/marcxml/schema/MARC21slim.xsd"
    xmlns="http://www.loc.gov/MARC21/slim">

  <leader>04008nam a22003134a 4500</leader>
  <controlfield tag="005">20080418103834.0</controlfield>
  <controlfield tag="008">080114r20082006mau    | b    001 0 eng  </controlfield>
  <datafield tag="010" ind1=" " ind2=" ">
    <subfield code="a">B-269645-649,     B-284188</subfield>
  </datafield>
  <datafield tag="020" ind1=" " ind2=" ">
    <subfield code="a">9780552774291</subfield>
    <subfield code="c">&#xA3; 3.25 (273.00),     289.25</subfield>
  </datafield>
  <datafield tag="035" ind1=" " ind2=" ">
    <subfield code="a">B-269645-649,    B-284188</subfield>
  </datafield>
  <datafield tag="040" ind1=" " ind2=" ">
    <subfield code="a">dpl</subfield>
    <subfield code="b">English </subfield>
  </datafield>
  <datafield tag="082" ind1=" " ind2=" ">
    <subfield code="a">211.8</subfield>
  </datafield>
  <datafield tag="100" ind1=" " ind2=" ">
    <subfield code="a">Dawkins, Richard</subfield>
  </datafield>
  <datafield tag="245" ind1=" " ind2=" ">
    <subfield code="a">The God delusion /</subfield>
    <subfield code="c">by Richard Dawkins.</subfield>
  </datafield>
  <datafield tag="260" ind1=" " ind2=" ">
    <subfield code="a">London</subfield>
    <subfield code="b">Black Swan </subfield>
    <subfield code="c">2007</subfield>
  </datafield>
  <datafield tag="300" ind1=" " ind2=" ">
    <subfield code="a">463 p. </subfield>
    <subfield code="c">18cm (pbk) </subfield>
  </datafield>
  <datafield tag="504" ind1=" " ind2=" ">
    <subfield code="a">Includes bibliographical references (p. [427]-448) and index.</subfield>
  </datafield>
  <datafield tag="505" ind1=" " ind2=" ">
    <subfield code="a">A deeply religious nonbeliever. Deserved respect ; Undeserved respect -- The God hypothesis. Polytheism ; Monotheism ; Secularism, the Founding Fathers and the religion of America ; The poverty of agnosticism ; NOMA ; The great prayer experiment ; The Neville Chamberlain school of evolutionists ; Little green men -- Arguments for God's existence. Thomas Aquinas's "proofs" ; The ontological argument and other a priori arguments ; The argument from beauty ; The argument from personal "experience" ; The argument from Scripture ; The argument from admired religious scientists ; Pascal's wager ; Bayesian arguments -- Why there almost certainly is no God. The ultimate Boeing 747 ; Natural selection as a consciousness-raiser ; Irreducible complexity ; The worship of gaps ; The anthropic principle : planetary version ; The anthropic principle : cosmological version ; An interlude at Cambridge -- The roots of religion. The Darwinian imperative ; Direct advantages of religion ; Group selection ; Religion as a by-product of something else ; Psychologically primed for religion ; Tread softly, because you tread on my memes ; Cargo cults -- The roots of morality : why are we good? Does our moral sense have a Darwinian origin? ; A case study in the roots of morality ; If there is no God, why be good? -- The "good" book and the changing moral Zeitgeist. The Old Testament ; Is the New Testament any better? ; Love thy neighbour ; The moral Zeitgeist ; What about Hitler and Stalin? : weren't they atheists? -- What's wrong with religion? : why be so hostile? Fundamentalism and the subversion of science ; The dark side of absolutism ; Faith and homosexuality ; Faith and the sanctity of human life ; The great Beethoven fallacy ; How "moderation" in faith fosters fanaticism -- Childhood, abuse and the escape from religion. Physical and mental abuse ; In defence of children ; An educational scandal ; Consciousness-raising again ; Religious education as a part of literary culture -- A much needed gap? Binker ; Consolation ; Inspiration ; The mother of all burkas.</subfield>
  </datafield>
  <datafield tag="650" ind1=" " ind2=" ">
    <subfield code="a">Atheism.</subfield>
  </datafield>
  <datafield tag="650" ind1=" " ind2=" ">
    <subfield code="a">Religion</subfield>
    <subfield code="v">Controversial literature.</subfield>
  </datafield>
  <datafield tag="942" ind1=" " ind2=" ">
    <subfield code="2">ddc</subfield>
    <subfield code="c">EN</subfield>
    <subfield code="m">DAW</subfield>
    <subfield code="h">211.8</subfield>
  </datafield>
  <datafield tag="999" ind1=" " ind2=" ">
    <subfield code="c">16118</subfield>
    <subfield code="d">16118</subfield>
  </datafield>
  <datafield tag="952" ind1=" " ind2=" ">
    <subfield code="0">0</subfield>
    <subfield code="1">0</subfield>
    <subfield code="2">ddc</subfield>
    <subfield code="4">0</subfield>
    <subfield code="7">0</subfield>
    <subfield code="8">NFIC</subfield>
    <subfield code="a">L</subfield>
    <subfield code="b">L</subfield>
    <subfield code="d">2008-11-04</subfield>
    <subfield code="e">Super/44098/26.5.08 /94 /16.5.08 /5.6.08</subfield>
    <subfield code="g">273.00</subfield>
    <subfield code="l">0</subfield>
    <subfield code="o">211.8 DAW</subfield>
    <subfield code="p">B-269645</subfield>
    <subfield code="r">2008-11-04 00:00:00</subfield>
    <subfield code="t">1</subfield>
    <subfield code="v">273.00</subfield>
    <subfield code="w">2008-11-04</subfield>
    <subfield code="y">EN</subfield>
  </datafield>
  <datafield tag="952" ind1=" " ind2=" ">
    <subfield code="0">0</subfield>
    <subfield code="1">0</subfield>
    <subfield code="2">ddc</subfield>
    <subfield code="4">0</subfield>
    <subfield code="7">0</subfield>
    <subfield code="8">NFIC</subfield>
    <subfield code="a">BL1</subfield>
    <subfield code="b">BL1</subfield>
    <subfield code="d">2008-11-04</subfield>
    <subfield code="g">273.00</subfield>
    <subfield code="l">0</subfield>
    <subfield code="o">211.8 DAW</subfield>
    <subfield code="p">B-269646</subfield>
    <subfield code="r">2008-11-04 00:00:00</subfield>
    <subfield code="t">1</subfield>
    <subfield code="v">273.00</subfield>
    <subfield code="w">2008-11-04</subfield>
    <subfield code="y">EN</subfield>
  </datafield>
  <datafield tag="952" ind1=" " ind2=" ">
    <subfield code="0">0</subfield>
    <subfield code="1">0</subfield>
    <subfield code="2">ddc</subfield>
    <subfield code="4">0</subfield>
    <subfield code="7">0</subfield>
    <subfield code="8">NFIC</subfield>
    <subfield code="a">ZLS</subfield>
    <subfield code="b">ZLS</subfield>
    <subfield code="d">2008-11-04</subfield>
    <subfield code="g">273.00</subfield>
    <subfield code="l">0</subfield>
    <subfield code="o">211.8 DAW</subfield>
    <subfield code="p">B-269647</subfield>
    <subfield code="r">2008-11-04 00:00:00</subfield>
    <subfield code="t">1</subfield>
    <subfield code="v">273.00</subfield>
    <subfield code="w">2008-11-04</subfield>
    <subfield code="y">EN</subfield>
  </datafield>
  <datafield tag="952" ind1=" " ind2=" ">
    <subfield code="0">4</subfield>
    <subfield code="1">0</subfield>
    <subfield code="2">ddc</subfield>
    <subfield code="4">0</subfield>
    <subfield code="7">0</subfield>
    <subfield code="8">NFIC</subfield>
    <subfield code="a">BL3</subfield>
    <subfield code="b">BL3</subfield>
    <subfield code="d">2008-11-04</subfield>
    <subfield code="g">273.00</subfield>
    <subfield code="l">0</subfield>
    <subfield code="o">211.8 DAW</subfield>
    <subfield code="p">B-269648</subfield>
    <subfield code="r">2008-11-04 00:00:00</subfield>
    <subfield code="t">1</subfield>
    <subfield code="v">273.00</subfield>
    <subfield code="w">2008-11-04</subfield>
    <subfield code="y">EN</subfield>
    <subfield code="z">Written off on approval by DLB (By Circulation); dtd 15-06-2023</subfield>
  </datafield>
  <datafield tag="952" ind1=" " ind2=" ">
    <subfield code="0">0</subfield>
    <subfield code="1">0</subfield>
    <subfield code="2">ddc</subfield>
    <subfield code="4">0</subfield>
    <subfield code="7">0</subfield>
    <subfield code="8">NFIC</subfield>
    <subfield code="a">BL4</subfield>
    <subfield code="b">BL4</subfield>
    <subfield code="d">2008-11-04</subfield>
    <subfield code="g">273.00</subfield>
    <subfield code="l">0</subfield>
    <subfield code="o">211.8 DAW</subfield>
    <subfield code="p">B-269649</subfield>
    <subfield code="r">2008-11-04 00:00:00</subfield>
    <subfield code="t">1</subfield>
    <subfield code="v">273.00</subfield>
    <subfield code="w">2008-11-04</subfield>
    <subfield code="y">EN</subfield>
  </datafield>
  <datafield tag="952" ind1=" " ind2=" ">
    <subfield code="0">0</subfield>
    <subfield code="1">0</subfield>
    <subfield code="2">ddc</subfield>
    <subfield code="4">0</subfield>
    <subfield code="7">0</subfield>
    <subfield code="8">NFIC</subfield>
    <subfield code="a">VP</subfield>
    <subfield code="b">VP</subfield>
    <subfield code="d">2008-11-17</subfield>
    <subfield code="e">Super/44931/30.7.08/170/21.7.08/13.8.08</subfield>
    <subfield code="g">289.25</subfield>
    <subfield code="l">10</subfield>
    <subfield code="m">2</subfield>
    <subfield code="o">211.8 DAW</subfield>
    <subfield code="p">B-284188</subfield>
    <subfield code="r">2018-04-18 00:00:00</subfield>
    <subfield code="s">2018-04-03</subfield>
    <subfield code="t">1</subfield>
    <subfield code="v">289.25</subfield>
    <subfield code="w">2008-11-17</subfield>
    <subfield code="y">EN</subfield>
  </datafield>
</record>
